| 000 | 01310nam0a22003131 4500 | ||
|---|---|---|---|
| 001 | v19\rc\1657198 | ||
| 005 | 20061002133627.5 | ||
| 035 | _a(NLR Aleph) 004767366 | ||
| 090 |
_a4612142 _c4612142 |
||
| 100 | _a20061002e18901890|||y0rusy50 ca | ||
| 101 | 0 | _arus | |
| 102 | _aRU | ||
| 105 | _ay z ||||| | ||
| 200 | 1 |
_aНабухание нижних носовых раковин с гипертрофией их, как причина сердечной астмы и ложной грудной жабы _f[Соч.] Л. Берберова _g(Из Эссентук. амбулатории д-ра мед. С.М. Васильева) |
|
| 210 |
_aСанкт-Петербург _cГуб. тип. _dценз. 1890 |
||
| 215 |
_a6 с. _d21 |
||
| 309 | _aБез тит. л. и обл. | ||
| 311 | _aПерепеч. из газ. "Медицина" | ||
| 488 | 0 | _12001#$aМедицина | |
| 700 | 1 |
_aБерберов _bЛ. И. _f1863- _gЛеон Иванович |
|
| 702 | 1 |
_aВасильев _bС. М. _cд-р медицины _f1854-1903 _gСтепан Михайлович _3RU\NLR\AUTH\7786731 _4570 |
|
| 801 | 0 |
_aRU _bNLR _gpsbo |
|
| 801 | 0 |
_aRU _bRuMoRGB _2psbo |
|
| 801 | 1 |
_aRU _bProSoft-M _2rusmarc |
|
| 852 |
_aNLR _j18.295.2.163 |
||
| 899 |
_aRuMoRGB _jF 65/271 |
||
| 899 | _aБАН | ||
| 942 | _cBOOK | ||
| 980 | _aNB | ||